| 000 | 00410nam a22001697a 4500 | ||
|---|---|---|---|
| 005 | 20180517154635.0 | ||
| 008 | 160523b xxu||||| |||| 00| 0 eng d | ||
| 020 | _a81-203-0811-5 | ||
| 041 | _aeng | ||
| 082 |
_b4308 _a510.2462 |
||
| 100 |
_aSASTRY, S.S. _91068 |
||
| 245 | _aEngineering Mathematics | ||
| 260 |
_aNew Delhi _bAcademic Faundation |
||
| 300 | _a651 | ||
| 650 |
_aManagement _9241 |
||
| 942 | _cBK | ||
| 999 |
_c1455 _d1455 |
||